| 000 | 00427nam a2200157 i 4500 | ||
|---|---|---|---|
| 001 | 141082 | ||
| 003 | ES-MaACL | ||
| 005 | 20230906200222.0 | ||
| 007 | t| | ||
| 008 | 070919s1965 sp ||||1| spa d | ||
| 100 | 1 |
_aYsern, Augusto. _9117720 |
|
| 245 | 1 | 0 |
_aPermitidme soñar / _cAugusto Ysern. |
| 260 |
_aMadrid : _b[s.n.], _c1965 ( _fGráfs. E. M. A.) |
||
| 300 |
_a50 p. ; _c22 cm. |
||
| 852 |
_aES-MaACL _jC-28478 _bR.57376 |
||
| 999 |
_c141082 _d141082 |
||